000 00390nam a2200145Ia 4500
008 230917s9999||||xx |||||||||||||| ||und||
040 _e129647
_aMAIN
041 _aEnglish
082 _a820.9 A23O
100 _aAndrson, George K
245 0 _aOld and middle English literature from the beginnings to 1485
260 _aNew York
_bCollier Books
_c1962
300 _a318 p.
942 _cBK
999 _c192389
_d192389